|
|
|
|
| LEADER |
00000nam2a2200000 4500 |
| 001 |
308311 |
| 005 |
20231102002100.0 |
| 020 |
|
|
|a RU
|b 81-34190ж
|
| 035 |
|
|
|a (RuTPU)RU\TPU\book\333620
|
| 090 |
|
|
|a 308311
|
| 100 |
|
|
|a 20151030c1981 k y0rusy5003 ca
|
| 101 |
0 |
|
|a rus
|
| 102 |
|
|
|a RU
|
| 105 |
|
|
|a a z 001zy
|
| 200 |
0 |
|
|a Вып. 100
|
| 210 |
|
|
|d 1981
|
| 215 |
|
|
|a 192 с.
|c ил.
|
| 320 |
|
|
|a Библиография в конце статей
|
| 461 |
|
1 |
|0 (RuTPU)RU\TPU\book\189489
|t Прикладная геофизика
|o сборник
|f Всесоюзный научно-исследовательский институт геофизических методов разведки (ВНИИГеофизика)
|v Вып. 100
|d 1945-1990
|
| 606 |
|
|
|a Геофизика прикладная
|2 stltpush
|3 (RuTPU)RU\TPU\subj\6256
|9 34184
|
| 610 |
1 |
|
|a годографы
|
| 610 |
1 |
|
|a сейсмограммы
|
| 610 |
1 |
|
|a обработка
|
| 610 |
1 |
|
|a сейсморазведка
|
| 610 |
1 |
|
|a сейсмические колебания
|
| 610 |
1 |
|
|a нефтяные залежи
|
| 610 |
1 |
|
|a Земля
|
| 610 |
1 |
|
|a гравитационное поле
|
| 610 |
1 |
|
|a гравимагниторазведка
|
| 610 |
1 |
|
|a гравитационные аномалии
|
| 610 |
1 |
|
|a ряды Фурье
|
| 610 |
1 |
|
|a каротаж
|
| 675 |
|
|
|a 550.83
|v 3
|
| 801 |
|
0 |
|a RU
|b RuMRKP
|c 19950704
|g psbo
|
| 801 |
|
1 |
|a RU
|b 63413507
|c 20151030
|
| 801 |
|
2 |
|a RU
|b 63413507
|c 20180416
|g RCR
|
| 942 |
|
|
|c BK
|